| 000 | 00885nam a2200277Ia 4500 | ||
|---|---|---|---|
| 003 | OSt | ||
| 005 | 20220928113704.0 | ||
| 006 | a|||||r|||| 00| 0 | ||
| 007 | ta | ||
| 008 | 220927b |||||||| |||| 00| 0 eng d | ||
| 020 | _cUSD 34.99 | ||
| 024 | _a140430 | ||
| 037 |
_b49, 29/01/2019, Better Book Service _cTextual |
||
| 040 |
_aSDCL _cSDCL _beng |
||
| 041 |
_2eng _aeng |
||
| 082 | _aR4, Q5 | ||
| 100 |
_aClarke Randolph Ed. _9434521 |
||
| 245 | 0 |
_aNature of moral responsibility _b New essays |
|
| 260 |
_aNew York _b Oxford university press _c2018 |
||
| 300 |
_avii,306p. _ccm. |
||
| 650 | _aPhilosophy | ||
| 700 |
_a Mckenna Michael Ed. _9415604 |
||
| 700 |
_a Smith Angela M. Ed. _9434522 |
||
| 942 |
_hR4, Q5 _cTEXL _2CC |
||
| 999 |
_c750844 _d750844 |
||